000
00286nam a22001217a 4500
008
230501b |||||||| |||| 00| 0 eng d
100
_a
S.N. Misra
245
_a
Labour & Industrial Laws
260
_a
Allahabad
_b
CLP Pub
_c
2009
300
_a
1008
546
_a
English
942
_2
ddc
_c
BK
999
_c
19937
_d
19937